000
00310nam a22001337a 4500
008
170529b xxu||||| |||| 00| 0 eng d
020
_a
9780205760398
041
_a
eng
080
_2
8 ED
_a
94(7/8)
100
_a
16
101
_a
SHH
245
_a
AMERICA PAST AND PRESENT
_c
DIVINE.R.A
942
_2
udc
_c
BK
999
_c
14912
_d
14912